00526cam a2200193ua 45000010005000000080039000050200018000440400009000620410008000710820012000791000028000912450069001192500009001882600033001973000010002306530042002406530022002827000028003048299150128n ii |||gr||||Z||||||asm a9789382750642 cMAIN aasm a491.451 aGogoi, Karabi,eEditor.12aAsamiya bhasha aru sahityar dutiman alochonaced by Karabi Gogoi a1st. aDibrugarh:bBanalata,c2014. a252p. aEast Indo-European & Celtic languages aAssamese language aGogoi, Dipali,eEditor.